• 首页
  • 本馆介绍
  • 公告通知
  • 最新文献
  • 馆藏检索
  • 电子资源
  • 读者导购
  • 参考咨询
  • 我的图书馆
  • 登录
  • 详细信息显示
  • 放入我的书架
  • 预约/预借图书
  • 作者相关作品
  • 分类相关作品
  • 丛书相关作品
  • 出版社相关作品

书目信息

  • 表格格式
  • 工作单格式
  • 卡片格式
书名: Introduction to transportation engineering
作者: James H. Banks.
分册号:
分册名:
出版地: Boston :
 
出版社: McGraw-Hill
出版时间: c2002.
页数: ix, 502 p. :
开本: 24 cm.
丛书名: McGraw-Hill series in transportation
中图分类号:
科图分类号:
其他分类号: TH22
主题词:
电子资源: http://www.loc.gov/catdir/description/mh021/2001030687.html      http://www.loc.gov/catdir/toc/mh021/2001030687.html     
000 01043cam 2200361 a 4500
001 E0738561958
005 20070320104758.82
020    @a0072431881.
090    @aTH22
099    @dTH22@ex2=2
100 1  @aBanks, James H.
245 10 @aIntroduction to transportation engineering / @cJames H. Banks.
250    @a2nd ed.
260    @aBoston :@bMcGraw-Hill,@cc2002.
300    @aix, 502 p. :@bill. ;@c24 cm.
440  0 @aMcGraw-Hill series in transportation
504    @aIncludes bibliographical references and index.
856 42 @3Publisher description@uhttp://www.loc.gov/catdir/description/mh021/2001030687.html
856 41 @3Table of contents@uhttp://www.loc.gov/catdir/toc/mh021/2001030687.html
920    @a211060@z2
920    @a221120@z1
920    @a211070@z2
920    @a211180@z2
920    @a212020@z2
920    @a221060@z1
920    @a261020@z1
920    @a241031@z1
920    @a241010@z2
920    @a221020@z1
920    @a242020@z2
920    @a242120@z1
920    @a211050@z2
998    @aBUA
    
    Introduction to transportation engineering / / James H. Banks.-2nd ed.-Boston : : McGraw-Hill, , c2002.
    ix, 502 p. : : ill. ; ; 24 cm.- (McGraw-Hill series in transportation)
    Includes bibliographical references and index.
    
    ISBN 0072431881.
    
●
相关链接 在E读中查询图书 在五车中查询图书 在当当中查询图书 在豆瓣中查询图书


正题名:Introduction to transportation engineering     索取号:TH22/x2=2         预约/预借

序号 登录号 条形码 馆藏地/架位号 状态 备注
1 0003399   300033997   第二样本阅览室/ [索取号:TH22/x2=2] 在馆    
唐山师范学院图书馆 欢迎您!
大连网信软件有限公司© 版权所有